Normal view
MARC view
Entry Nombre personal
001 - NÚMERO DE CONTROL
- campo de control: 2289
003 - IDENTIFICADOR DE NÚMERO DE CONTROL
- campo de control: OSt
005 - FECHA Y HORA DE LA ÚLTIMA TRANSACCIÓN
- campo de control: 20221005154929.0
008 - ELEMENTOS DE DATO DE LONGITUD-FIJA
- campo de control de longitud fija: 221005|| aca||aabn | a|a d
040 ## - FUENTE DE CATALOGACIÓN
- Centro catalogador/agencia de origen: OSt
- Centro/agencia transcriptor: OSt
100 ## - ENCABEZAMIENTO-NOMBRE DE PERSONA
- Nombre de persona: PELLETIER, R
670 ## - FUENTE DE DATOS ENCONTRADOS
- Cita de la fuente: Work cat.: (OSt)1254: PELLETIER, R., Documento de Trabajo Revisado de la Sección de Asuntos Económicos, Financieros y Monetarios sobre las conclusiones y recomendaciones del Comité de reflexión de expertos independientes sobre la fiscalidad de las empresas /, 1992